00566 2200205 4500001002100000005001500021035002000036007000300056008004100059020002200100082001300122084001900135100001900154245005500173250001100228260004700239300004100286650001700327990001600344INLIS00000000000105520210807112541 a0010-0821000031ta210807 g 1 ind  a978-602-04-1174-3 a741.5592 a741.5592 FUJ g0 aFujiko F Fujio1 aGiant :bCerita Spesial Doraemon /cFujiko F Fujio acet. 1 aJakarta :bPT Elex Media Komputindo,c2017 a223 hlm. :bIlus. ;c11.3 cm X 17 cm aKomik Jepang a00000011173